000 00688nam a2200217Ia 4500
001 14161
003 GE_BSU
008 181216s||||||||xx |||||||||||||| ||und||
040 _cGE_BSU
080 _a539.316(07)
100 _aРубашкин,А.Г.
245 _aЛабораторные работы по сопротивлению материалов.
245 _cРед. Ю.Ф.Бачарова.
250 _aИзд. второе.
260 _aМ.
260 _bВысшая школа.
260 _c1966.
300 _a167 стр. 21 см. с илл.
653 _aЛабораторные работы по сопротивлению материалов.
942 _cBK
999 _c47300
_d47300